Largest Counties in the United States by Area - Statistics

General Stats
  • This quiz has been taken 52 times
  • The average score is 15 of 20
Answer Stats
Area State County % Correct
52,073 CA San Bernardino
100%
26,488 CA Inyo
92%
29,056 AZ Apache
89%
23,891 AZ Maricopa
89%
25,795 AZ Navajo
86%
44,555 NV Elko
81%
21,138 CA Kern
81%
27,549 NV Lincoln
81%
47,031 NV Nye
81%
23,799 AZ Pima
78%
48,332 AZ Coconino
72%
22,021 ID Idaho
69%
25,719 OR Malheur
69%
34,886 AZ Mohave
69%
26,487 OR Harney
67%
21,648 OR Lake
67%
23,042 NV White Pine
67%
25,014 NV Humboldt
61%
23,998 WY Fremont
50%
27,172 WY Sweetwater
50%
No matching quizzes found
Score Distribution
Percent of People with Each Score
Percentile by Number Answered
Your Score History
You have not taken this quiz